Jürgen Habermas y la teoría crítica /

में बचाया:
ग्रंथसूची विवरण
मुख्य लेखक: Serrano G, Enrique
स्वरूप: मूलपाठ
विषय:
टैग: टैग जोड़ें
कोई टैग नहीं, इस रिकॉर्ड को टैग करने वाले पहले व्यक्ति बनें!

MARC

LEADER 00000 a a2200000 04500
001 9617
003
040
100 |a Serrano G, Enrique  
245 |a Jürgen Habermas y la teoría crítica /  |c Enrique Serrano G 
650 |a TEORIA  
650 |a SOCIEDAD  
650 |a DEMOCRACIA  
650 |a PARTICIPACION SOCIAL  
650 |a CIENCIA POLITICA  
773 |g volumen 3, número 9; páginas 127-143  
999 |c 29419  |d 29419